000 00767nam a2200289Ia 4500
005 20260324114138.0
008 008 260324s9999 xx 000 0 eng d
020 _a9781003333814
037 _aEBOOK
040 _aCRL
040 _beng
040 _cCRL
041 _2eng
041 _aeng
084 _qCRL
100 _aChandrasekar Muthukumar; Senthilkumar Krishnasamy; Senthil Muthu Kumar Thiagamani; Mariyappan Shanmugam
_91149615
245 0 _aElectrospun Nanofibres
245 0 _bMaterials, Methods, and Applications
260 _bTaylor and Francis
260 _c2023
365 _a
365 _b340
856 _uhttp://www.taylorfrancis.com/books/9781003333814
942 _cEBOOK
999 _c1739634
_d1739634